Derecho de menores

Zapisane w:
Opis bibliograficzny
1. autor: D'Antonio, Daniel Hugo (Autor)
Format: Książka
Język:hiszpański
Wydane: Buenos Aires Astrea 1986
Wydanie:3a. ed
Hasła przedmiotowe:
Etykiety: Dodaj etykietę
Nie ma etykietki, Dołącz pierwszą etykiete!

MARC

LEADER 00000nam a2200000 a 4500
001 UCY6724
003 CL-VaPUC
008 950602e19860000AG |||||||||||||||||spa|d
082 0 4 |a 346.013  |b DAN  |2 21 
100 0 |a D'Antonio, Daniel Hugo  |e author  |9 336764 
245 1 0 |a Derecho de menores 
250 |a 3a. ed 
300 |a 408 p 
942 |c BK 
945 |d 19950602 00:00:00  |a aalvarez 
260 |a Buenos Aires  |b Astrea  |c 1986 
650 7 |a MENORES  |2 CL-VaPUC  |9 336765 
650 7 |a TRIBUNALES DE MENORES  |2 CL-VaPUC  |9 336766 
650 0 |a Responsabilidad penal  |9 254899 
583 |a last modification  |c 19950602 00:00:00  |k Rodrigo Vera 
999 |c 234244  |d 234242 
952 |0 0  |1 0  |4 0  |6 346_013000000000000_DAN_1986  |7 0  |8 A  |9 240322  |a BIBDER  |b BIBDER  |d 2019-11-18  |i 2001047  |o 346.013 DAN 1986  |p 2001047  |r 2023-01-25  |w 2019-11-18  |y BK  |k DER